Statistics for American Government Trivia #4

Click here to take the quiz!

General Stats

  • This quiz has been taken 19 times
  • The average score is 12 of 20

Answer Stats

HintAnswer% Correct
Speech
88%
What scandal led to the resignation of President Richard M. Nixon in August 1974?The Watergate burglary
88%
What is the minimum age requirement for election to the House of Representatives?Twenty-five
88%
Who shot President Kennedy?Lee Harvey Oswald
82%
Name the five rights of free expression granted by the First Amendment.Religion
82%
What is the leader of the House of Representatives called?The Speaker of the House
82%
Which president pardoned most draft evaders of the Vietnam War?Jimmy Carter
76%
Assembly
71%
Who was the only president to win the election two non-consecutive times?Grover Cleveland
71%
Press
65%
Who is the chief law enforcement officer of the U. S. government?The attorney general
65%
Under which government department would you find the Federal Bureau of Investigation (FBI)?Department of Justice
59%
Which presidents were father and son (give their full names)?John Adams
53%
John Quincy Adams
47%
Who was the youngest man ever to be president (age 42)?Theodore Roosevelt
47%
What do you call bodies of citizens or interest groups that attempt to control government policies?Lobbyists
41%
Nellie Taylor was the first woman governor in the United States. Which state did she represent?Wyoming
41%
Petition
35%
What major reform of U. S. banking and finance created 12 federal districts and banks to speed the flow of currency in 1913?The Federal Reserve Act
24%
What is a measure approved by both houses of Congress and signed by the president called?A joint resolution
12%

Score Distribution

Percentile by Number Answered

Percent of People with Each Score

Your Score History

You have not taken this quiz